Les 30 joueurs les + chers de Manchester United - Statistiques

Statistiques générales
  • Ce quiz a été pris 209 fois
    29 depuis la dernière actualisation
  • Le résultat moyen est 28 sur 30
Statistiques - réponses
# Saison Provenance Poste Valeur du transfert Pays Joueur % Correct
9 14/15 Real Madrid CF A 75 000 000 € Ángel Di María
100%
1 16/17 Juventus M 105 000 000 € Paul Pogba
100%
5 17/18 Everton FC A 84 700 000 € Romelu Lukaku
100%
19 23/24 Inter G 50 200 000 € André Onana
96%
15 15/16 AS Monaco A 60 000 000 € Anthony Martial
96%
2 22/23 AFC Ajax A 95 000 000 € Antony
96%
7 25/26 RB Leipzig A 76 500 000 € Benjamin Šeško
96%
8 25/26 Brentford FC A 75 000 000 € Bryan Mbeumo
96%
11 22/23 Real Madrid CF M 70 650 000 € Casemiro
96%
3 19/20 Leicester City FC D 87 000 000 € Harry Maguire
96%
14 24/25 Lille OSC D 62 000 000 € Leny Yoro
96%
17 22/23 AFC Ajax D 57 370 000 € Lisandro Martínez
96%
20 24/25 Paris Saint-Germain M 50 000 000 € Manuel Ugarte
96%
13 23/24 Chelsea FC M 64 200 000 € Mason Mount
96%
10 25/26 Wolverhampton Wanderers A 74 200 000 € Matheus Cunha
96%
28 21/22 Real Madrid CF D 40 000 000 € Raphaël Varane
96%
6 23/24 Atalanta BC A 77 800 000 € Rasmus Højlund
96%
12 19/20 Sporting CP M 65 000 000 € Bruno Fernandes
92%
30 08/09 Tottenham Hotspur A 38 000 000 € Dimitar Berbatov
92%
4 21/22 Borussia Dortmund A 85 000 000 € Jadon Sancho
92%
22 24/25 FC Bayern München D 45 000 000 € Matthijs de Ligt
92%
21 02/03 Leeds United FC D 46 000 000 € Rio Ferdinand
92%
29 20/21 AFC Ajax M 39 000 000 € Donny van de Beek
88%
26 24/25 Bologna FC 1909 A 42 500 000 € Joshua Zirkzee
88%
18 19/20 Crystal Palace FC D 55 000 000 € Aaron Wan-Bissaka
84%
16 18/19 FC Shakhtar Donetsk M 59 000 000 € Fred
84%
27 16/17 Borussia Dortmund M 42 000 000 € Henrikh Mkhitaryan
84%
23 13/14 Chelsea FC M 44 730 000 € Juan Mata
80%
24 17/18 Chelsea FC M 44 700 000 € Nemanja Matic
80%
25 01/02 SS Lazio M 42 600 000 € Juan Sebastián Verón
60%
Aucun quiz correspondant
Distribution des résultats
% des personnes avec chaque résultat
Percentile par nombre de réponses
Votre historique - résultats
Vous n’avez pas pris ce quiz depuis la dernière actualisation